| 000 | 00854cam a2200241 4500 | ||
|---|---|---|---|
| 001 | 3654451 | ||
| 005 | 19870701000000.0 | ||
| 008 | 700622s1970 nyua b 001 0 eng | ||
| 010 | _a 76108650 | ||
| 040 |
_aDLC _cDLC _dDLC |
||
| 050 | 0 | 0 |
_aTP244.A3 _bS35 1970 |
| 082 | 0 | 0 |
_a660.294515 _222 _bSAN |
| 100 | 1 |
_aSanders, Paul A. _q(Paul Amsdon), _d1913- _97181 |
|
| 245 | 1 | 0 |
_aPrinciples of Aerosol Technology/ _cPaul A. Sanders. |
| 260 |
_aNew York: _bVan Nostrand Reinhold, _c1970 |
||
| 300 |
_ax, 418 p.: _bill. ; _c24 cm. |
||
| 500 | _aIncludes index | ||
| 504 | _aIncludes bibliographies. | ||
| 650 | 0 |
_aAerosols. _97182 |
|
| 710 | 2 |
_aE.I. du Pont de Nemours & Company. _97183 |
|
| 942 |
_2ddc _cBB |
||
| 999 |
_c12100 _d12100 |
||